| 000 | 00947nas a2200289Ia 4500 | ||
|---|---|---|---|
| 001 | 73 | ||
| 003 | CO-MdFUSB | ||
| 005 | 20170221113640.0 | ||
| 008 | 151030s9999 xx 000 0 s d | ||
| 037 | _bAsociación Bautista de Instituciones Teológicas Hispanoamericanas | ||
| 040 |
_aCO-MdFUSB _bspa _cCO-MdFUSB _dCO-MdFUSB _erda |
||
| 041 | 0 |
_aspa _hspa |
|
| 245 | 1 | 0 |
_aDiálogo Teológico _cAsociación Bautista de Instituciones Teológicas Hispanoamericanas |
| 260 | _aEstados Unidos de América | ||
| 264 |
_aEstados Unidos de América : _b Casa Bautista de Publicaciones |
||
| 300 |
_aVolumen 19-20 _c22 cm. |
||
| 310 |
_aNo aplica _b1982 |
||
| 336 |
_2rdacontent _a1 _ba1 |
||
| 337 |
_2rdamedia _a2 _b5 |
||
| 338 | _a2 | ||
| 362 | _a1982 | ||
| 546 | _aTexto en español | ||
| 650 | _vPublicaciones seriadas | ||
| 773 | _dEstados Unidos de América, Casa Bautista de Publicaciones, 1982 | ||
| 810 | _hRevista | ||
| 942 |
_cCR _2ddc _a3 |
||
| 999 |
_c49474 _d49474 |
||